000
00288nam a22001337a 4500
008
171101b xxu||||| |||| 00| 0 eng d
020
_a
9780875843001
041
_a
eng
080
_a
33
100
_a
59
101
_a
bus
245
_a
SHORT TERM AMERICA
_c
JACOBS.M.T
942
_2
udc
_c
BK
999
_c
37009
_d
37009